[Event "St Petersburg Korchnoi Memorial op"]
[Site "St Petersburg"]
[Date "2019.08.21"]
[Round "8"]
[White "Shmidt, Kseniya"]
[Black "Nikolaeva, Daria S"]
[Result "1-0"]
[WhiteElo "1476"]
[BlackElo "1280"]
[PlyCount "47"]
[EventDate "2019.08.14"]
[EventType "swiss"]
[EventRounds "9"]
[EventCountry "RUS"]
[SourceTitle "CBM 192"]
[Source "ChessBase"]
[SourceDate "2019.10.31"]
[SourceVersion "1"]
[SourceVersionDate "2019.10.31"]
[SourceQuality "1"]

1. d4 d5 2. Nf3 Nf6 3. c4 e6 4. Nc3 Be7 5. Bg5 b6 6. cxd5 exd5 7. e3 Bb7 8. Bd3 0-0 9. 0-0 Nbd7 10. a3 c5 11. Re1 cxd4 12. Nxd4 Nc5 13. Bb1 Nfe4 14. Bxe7 Qxe7 15. Ncb5 a6 16. Nf5 Qe5 17. Nbd4 Rac8 18. Qh5 Ne6 19. Ne7+ Kh8 20. Qxe5 Rce8 21. Nxe6 fxe6 22. Bxe4 Rxe7 23. Bb1 h6 24. Bg6 1-0